| 000 | 00895cam a22002174a 4500 | ||
|---|---|---|---|
| 005 | 20250605163934.0 | ||
| 008 | 250528s ||||||||||||||||||||||||d | ||
| 035 | _a14790 | ||
| 020 | _a521298814 | ||
| 040 |
_aGR-AtMCL _bgre _dGR-AtMCL _eAACR2 |
||
| 245 | 1 | _aSocial Situations | |
| 260 |
_bCambridge University Press, _c1981 |
||
| 300 | _a454 | ||
| 520 | _aPreface, Introduction, The Analysis of Social Situations, The Effect of the Situation on Behaviour, Drives and Goals, Rules, Role-Systems, Repertoire of Elements, Sequences of Interaction, Concepts and Cognitive Structures, Environmental Setting, Language and Speech, Stressful Situations, Applications of Situational Analysis, Conclusions, References, Name and Subject Index. | ||
| 700 | 1 |
_aArgyle Michael _9474 |
|
| 700 | 1 |
_aFurnham Adrian _9550 |
|
| 700 | 1 |
_aGraham Jean _9551 |
|
| 942 | _cBK | ||
| 999 |
_c408 _d408 |
||